Model based Geo statistics (Record no. 3906)

MARC details
000 -LEADER
fixed length control field 00468 a2200169 4500
000 - LEADER
fixed length control field BKB
001 - CONTROL NUMBER
control field 070461
005 - DATE AND TIME OF LATEST TRANSACTION
control field 20200902150831.0
008 - FIXED-LENGTH DATA ELEMENTS--GENERAL INFORMATION
fixed length control field
082 ## - DEWEY DECIMAL CLASSIFICATION NUMBER
Classification number 550.15195
Item number D56M
100 1# - MAIN ENTRY--PERSONAL NAME
Personal name Diggle, Peter J.
245 1# - TITLE STATEMENT
Title Model based Geo statistics
Statement of responsibility, etc by Peter J. Diggle and Paulo J. Ribeiro
260 ## - PUBLICATION, DISTRIBUTION, ETC. (IMPRINT)
Place of publication, distribution, etc New York
Name of publisher, distributor, etc Springer
Date of publication, distribution, etc 2007
300 ## - PHYSICAL DESCRIPTION
Extent 228p.
690 ## - LOCAL SUBJECT ADDED ENTRY--TOPICAL TERM (OCLC, RLIN)
Topical term or geographic name as entry element Geo statistics
700 ## - ADDED ENTRY--PERSONAL NAME
Personal name Ribeiro, Paulo J.
Numeration
Titles and other words associated with a name
Holdings
Withdrawn status Lost status Damaged status Not for loan Home library Current library Date acquired Cost, normal purchase price Total Checkouts Full call number Barcode Date last seen Price effective from Koha item type
        Central University Of Rajasthan Central University Of Rajasthan 07/03/2012 4532.85   550.15195 D56M 4748 21/11/2024 02/09/2020 Books